00480 a2200169 450000100060000002000060000604000240001210000220003624000410005824500360009930000070013536200090014265000310015194200070018295201040018999900170029369655 a  cAnchieta - Itaigara aBrasileiro, Jonar10aA história da minha geografialpor10aA história da minha geografia a480 a2005 4aLiteratura infanto-juvenil cBK 00104070a88.1b88.1d2023-11-21l0o028.5 BRA HISp2206/ITAr2023-11-21 20:04:18w2023-11-21yBK c69655d69655